Ulysses / (Record no. 188460)

MARC details
000 -LEADER
campo de control de longitud fija 01072nam a2200301 i 4500
001 - NÚMERO DE CONTROL
campo de control 188460
003 - IDENTIFICADOR DE NÚMERO DE CONTROL
campo de control ES-MaACL
005 - FECHA Y HORA DE LA ÚLTIMA TRANSACCIÓN
campo de control 20240125063200.0
008 - DATOS DE LONGITUD FIJA--INFORMACIÓN GENERAL
campo de control de longitud fija 181120s2008 xxk |||| | eng d
020 ## - NÚMERO INTERNACIONAL ESTÁNDAR DEL LIBRO
Número Internacional Estándar del Libro 978-0-19-953567-5
080 ## - NÚMERO DE LA CLASIFICACIÓN DECIMAL UNIVERSAL
Número de la Clasificación Decimal Universal 821.111(415)-31"19"
100 1# - ENTRADA PRINCIPAL--NOMBRE DE PERSONA
Nombre de persona Joyce, James,
Fechas asociadas al nombre 1882-1941
9 (RLIN) 67077
245 10 - MENCIÓN DEL TÍTULO
Título Ulysses /
Mención de responsabilidad, etc. James Joyce ; edited with an introduction and notes by Jeri Johnson.
246 34 - FORMA VARIANTE DEL TITULO
Título propio/Titulo breve Ulysses
Resto del título : the 1922 text
250 ## - MENCION DE EDICION
Mención de edición Reissued 2008.
260 ## - PUBLICACIÓN, DISTRIBUCIÓN, ETC.
Lugar de publicación, distribución, etc. Oxford :
Nombre del editor, distribuidor, etc. Oxford University Press,
Fecha de publicación, distribución, etc. 2008.
300 ## - DESCRIPCIÓN FÍSICA
Extensión LXIX, 980 p. :
Otras características físicas 1 plano ;
Dimensiones 20 cm.
490 1# - MENCIÓN DE SERIE
Mención de serie Oxford world's classics
504 ## - NOTA DE BIBLIOGRAFÍA, ETC.
Nota de bibliografía, etc. Bibliografía: p. LVII-LXII.
504 ## - NOTA DE BIBLIOGRAFÍA, ETC.
Nota de bibliografía, etc. Cronología: p. LXIII-LXIX.
700 1# - ENTRADA AGREGADA--NOMBRE PERSONAL
Nombre de persona Johnson, Jeri.
9 (RLIN) 165602
830 0# - PUNTO DE ACCESO ADICIONAL DE SERIE-TÍTULO UNIFORME
Título uniforme Oxford world's classics
9 (RLIN) 193060
852 ## - LOCALIZACIÓN
Ubicación ES-MaACL
Número de control de estantería A-14265
itemnumber 195590
Sublocalización o colección R.151788
Ubicación en estantería Depósito 1
Signatura antigua Olim: N-7265
Donativo/Legado Donacion: Embajada de Irlanda
914 ## - NOMBRE ENTIDAD DE DONANTE
RLIN 234032
Nombre de congreso/reunión o jurisdicción como elemento de entrada Embajada de Irlanda en España
Unidad subordinada Donante
942 ## - ELEMENTOS DE ENTRADA SECUNDARIOS (KOHA)
Fuente del sistema de clasificación o colocación Clasificación decimal universal
Tipo de ítem Koha Libro impreso
Holdings
Estatus retirado Estado de pérdida Fuente del sistema de clasificación o colocación Estado de daño No para préstamo Biblioteca de origen Biblioteca actual Ubicación en estantería Fecha de adquisición Fuente de adquisición Total de préstamos Signatura topográfica completa Código de barras Visto por última vez Precio de reemplazo Tipo de ítem Koha
    Clasificación decimal universal     Biblioteca del Ateneo de Madrid Biblioteca del Ateneo de Madrid Depósito 1 20/11/2018 Donación   A-14265 1199365 23/02/2023 23/02/2023 Libro impreso